| 000 | 00589nam a2200205 a 4500 | ||
|---|---|---|---|
| 005 | 20240305063713.0 | ||
| 008 | 991125s1992 mx 000 0 spa u | ||
| 020 | _a9681842677 | ||
| 035 | _aUPN01000008312 | ||
| 049 | _aLT | ||
| 050 | 4 |
_aLB1644 M6.1 _bC49 |
|
| 245 | 0 | 0 |
_aCivismo 1 : _benseñanza media básica / _cil. de Ana Ochoa |
| 260 |
_aMéxico : _bLimusa$bNoriega, _c1992 |
||
| 300 |
_a174 p. : _bil. |
||
| 500 | _a"Modernización educativa" | ||
| 650 | 4 |
_aCivismo _xEstudio y enseñanza (Secundaria) _91512 |
|
| 700 | 2 |
_aOchoa, Ana, _eil. |
|
| 904 |
_aAC _b008312 |
||
| 905 | _aLibro | ||
| 999 |
_c8312 _d8312 |
||